| 000 | 00365nam a2200145Ia 4500 | ||
|---|---|---|---|
| 008 | 150201s2010 xx 000 0 und d | ||
| 082 |
_a610.7368 _bC10E |
||
| 100 | _aEBERT , MICHAEL H. | ||
| 245 | _aCURRENT DIAGNOSIS & TREATMENT PSYCHIATRY | ||
| 250 | _a2ND | ||
| 260 |
_bMC GRAW HILL _aNEW YORK _c2010 |
||
| 300 | _a739 | ||
| 650 | _aPSYCHIATRY | ||
| 942 |
_2ddc _cBK |
||
| 999 |
_c1959 _d1959 |
||